000 00459cam a2200181 4500
001 D6470
008 090401t xxu||||| |||| 00| 0 eng d
035 _a(Sirsi) u1043
041 _aeng
050 _a658.1552
100 _aLane, Robert F
245 _aCost planning report: post graduate course on cost planning
260 _bBrixton School of Building/Quantity Surv
_cnd
350 _a0
700 _aLee, Michael F
942 _n0
948 _c04/03/1997
999 _c85617
_d85617